000 00561nam a2200193Ia 4500
005 20250508161649.0
008 008 250505s9999 xx 000 0 eng d
037 _aTextual
040 _aFEDL
_beng
_cFEDL
041 _aeng
_2eng
084 _a388.312, ROD
_qFEDL
100 _aRodgers Lionel M
_9771241
245 0 _aAutomobile traffice signal control systems
260 _aPhiladelphia
_bChilton Book Company
_c1969
300 _aviii,200p
700 _a Sands Leo G
_9771242
942 _cTEXL
_h388.312, ROD
999 _c1371417
_d1371417